Théâtre québécois : nouveaux auteurs, autres spectacles /

Guardado en:
Detalles Bibliográficos
Autor principal: Godin, Jean-Cléo (autor)
Otros autores: Le Blanc, Alonzo (presentación) (presentación), Mailhot, Laurent (autor) (autor)
Formato: Libro
Idioma:Francés
Publicado: Montreal, Canadá : Hurtubise HMH, 1988, c1988
Edición:Nueva ed.
Colección:(Bibliothèque Québécoise)
Temas:
Etiquetas: Agrega una etiqueta
Sin etiquetas, Sé el primero en etiquetar este registro!

MARC

LEADER 00000nam^a2200000^a^4500
001 000168687
005 20250521000000.0
009 20260310101208.669
020 |a 2-89406-010-6 
037 |a Acervo ITESO - Biblioteca 
041 |a FRA 
082 |a 819. 1  |b GOD V. 2 
100 |a Godin, Jean-Cléo  |e (autor) 
240 1 1 |a [Théâtre québécois] 
245 1 0 |a Théâtre québécois :  |b nouveaux auteurs, autres spectacles /  |c J.C. Godin, L. Mailhot ; presen. de A. Le Blanc. 
250 |a Nueva ed. 
264 4 |a Montreal, Canadá :  |b Hurtubise HMH,  |c 1988, c1988 
300 |a 420 p. 
336 |a texto  |b txt  |2 rdacontenido 
337 |a sin mediación  |b n  |2 rdamedio 
338 |a volumen  |b nc  |2 rdasoporte 
440 1 |a (Bibliothèque Québécoise) 
649 |a XX 
650 |a Teatro Quebequense -  |x Historia y Crítica 
650 |a Teatro Canadiense -  |x Historia y Crítica 
650 |a Literatura Quebequense -  |x Historia y Crítica 
650 |a Literatura Canadiense -  |x Historia y Crítica 
650 |a Literatura Quebequense -  |y Siglo XX 
650 |a Literatura Canadiense -  |y Siglo XX 
650 |a Literatura en Francés -  |z Quebec, Canadá -  |x Historia y Crítica 
650 |a Literatura en Francés -  |z Canadá -  |x Historia y Crítica 
700 |a Le Blanc, Alonzo  |e (presentación) 
700 |a Mailhot, Laurent  |e (autor) 
910 |a Fondo General 
920 |a Impresos - Libros 
930 |a Colección General 
940 |a Literatura 
905 |a 101 
901 |a 0500104896  |b IT1  |c LIT  |u 20250521 
902 |a https://opac.biblio.iteso.mx/vufind/Record/000168687